Acoustics / (Record no. 70987)
[ view plain ]
| 000 -LEADER | |
|---|---|
| fixed length control field | 00742nam a2200253 a 4500 |
| 001 - CONTROL NUMBER | |
| control field | 70987 |
| 003 - CONTROL NUMBER IDENTIFIER | |
| rucl marc code | BD-RjUL |
| 005 - DATE AND TIME OF LATEST TRANSACTION | |
| control field | 20220426143545.0 |
| 008 - FIXED-LENGTH DATA ELEMENTS--GENERAL INFORMATION | |
| fixed length control field | 170423s1957 caua b 001 0 eng d |
| 035 ## - SYSTEM CONTROL NUMBER | |
| System control number | (BD-RjUL)70987 |
| 040 ## - CATALOGING SOURCE | |
| Original cataloging agency | CU |
| Transcribing agency | CU |
| Modifying agency | BD-RjUL |
| Language of cataloging | eng |
| 041 ## - LANGUAGE CODE | |
| Language code of text/sound track or separate title | eng |
| 082 ## - DEWEY DECIMAL CLASSIFICATION NUMBER | |
| Edition number | 23 |
| Classification number | 534 |
| Author mark and year | HUA 1957 |
| 100 ## - MAIN ENTRY--PERSONAL NAME | |
| Personal name | Hunter, Joseph L. |
| 9 (RLIN) | 210046 |
| 245 00 - TITLE STATEMENT | |
| Title | Acoustics / |
| Statement of responsibility, etc. | Joseph L.Hunter |
| 260 ## - PUBLICATION, DISTRIBUTION, ETC. (IMPRINT) | |
| Place of publication, distribution, etc. | Prentice-Hall : |
| Name of publisher, distributor, etc. | Englewood Clifs, |
| Date of publication, distribution, etc. | 1957. |
| 300 ## - PHYSICAL DESCRIPTION | |
| Pagination | xv, 407 p. : |
| Illustrations | ill. ; |
| Size | 29 cm. |
| 504 ## - BIBLIOGRAPHY, ETC. NOTE | |
| Bibliography, etc | Includes bibliographical references (p. 324) and index. |
| 650 #0 - SUBJECT ADDED ENTRY--TOPICAL TERM | |
| Topical term or geographic name as entry element | Acoustics |
| 9 (RLIN) | 210047 |
| Topical term or geographic name as entry element | Acoustical engineering. |
| 9 (RLIN) | 210048 |
| Topical term or geographic name as entry element | Noise control. |
| 9 (RLIN) | 159498 |
| Topical term or geographic name as entry element | Soundproofing. |
| 9 (RLIN) | 210049 |
| 942 ## - ADDED ENTRY ELEMENTS (KOHA) | |
| Source of classification or shelving scheme | Dewey Decimal Classification |
| Koha item type | Books |
| Lost status | Source of classification or shelving scheme | Damaged status | Not for loan | Collection code | Permanent Location | Current Location | Shelving location | Date acquired | Source of acquisition | Total Checkouts | Full call number | Date last seen | Copy number | Koha item type |
|---|---|---|---|---|---|---|---|---|---|---|---|---|---|---|
| Dewey Decimal Classification | Not For Loan | Non-fiction | Central Library, University of Rajshahi | Central Library, University of Rajshahi | Reading Room | 27/01/1962 | N/A | 534 HUA 1957 | 23/04/2017 | C-1 | Books | |||
| Dewey Decimal Classification | Non-fiction | Central Library, University of Rajshahi | Central Library, University of Rajshahi | 27/01/1962 | N/A | 534 HUA 1957 | 13/05/2017 | C-2 | Books | |||||
| Dewey Decimal Classification | Non-fiction | Central Library, University of Rajshahi | Central Library, University of Rajshahi | General Stacks | 11/09/1982 | Photocopy | 534 HUA 1957 | 26/04/2022 | C-3 | Books |